| 000 | 00575nam a22001817a 4500 | ||
|---|---|---|---|
| 003 | NUST | ||
| 038 | _aMr. Zahoor | ||
| 082 | _a610.28 | ||
| 100 |
_aMahroo, Amnah _917452 |
||
| 245 |
_aMODULATION OF MOTOR NETWORK CONNECTIVITY DUE TO TONGUE MOVEMENT / _cAmnah Mahroo |
||
| 260 |
_aIslamabad : _bSMME - NUST, _c2017. |
||
| 300 |
_axvii, 56 p. : ill. ; _c30cm. |
||
| 500 | _aHardcover. | ||
| 650 |
_aBiomedical Sciences - MS Thesis _916246 |
||
| 700 |
_aDr. Muhammad Nabeel Anwar _916247 |
||
| 856 | _uhttp://10.250.8.41:8080/xmlui/handle/123456789/42099 | ||
| 942 |
_2ddc _cTHE |
||
| 999 |
_c526448 _d526448 |
||